[Event "9th Amplico Life Rapid"]
[Site "Warsaw POL"]
[Date "2009.12.19"]
[Round "4"]
[White "Przezdziecka,M"]
[Black "Socko,B"]
[Result "0-1"]
[WhiteElo "2250"]
[BlackElo "2643"]
[EventDate "2009.12.19"]

1. d4 Nf6 2. Nf3 g6 3. g3 Bg7 4. Bg2 O-O 5. O-O d6 6. a4 c6 7. a5 Qc7 8.
Re1 e5 9. e4 Re8 10. Nc3 Bg4 11. Be3 Qc8 12. Qd2 Na6 13. Rad1 Qc7 14. Ra1
Qc8 15. Rad1 Nc7 16. b4 Bf8 17. Bg5 Nh5 18. d5 cxd5 19. Nxd5 Nxd5 20. Qxd5
h6 21. Be3 Nf6 22. Qd3 d5 23. exd5 e4 24. Qd4 exf3 25. Qxf6 Bg7 26. Qf4 g5
27. Qd6 fxg2 0-1

[Event "9th Amplico Life Rapid"]
[Site "Warsaw POL"]
[Date "2009.12.19"]
[Round "4"]
[White "Maiorov,N1"]
[Black "Barwinski,D"]
[Result "1-0"]
[WhiteElo "2511"]
[BlackElo "2196"]
[EventDate "2009.12.19"]

1. d4 Nf6 2. c4 e6 3. Nc3 Bb4 4. Qc2 O-O 5. a3 Bxc3+ 6. Qxc3 d6 7. Nf3 b6
8. g3 Bb7 9. Bg2 Nbd7 10. O-O Re8 11. b4 Be4 12. Bb2 Rc8 13. Rfd1 Qe7 14.
Bf1 d5 15. c5 c6 16. Rac1 b5 17. Nd2 Nf8 18. a4 a6 19. Ra1 Bg6 20. f3 N8d7
21. axb5 axb5 22. Ra7 Qd8 23. Qa3 e5 24. Nb3 Bc2 25. Rc1 Bxb3 26. Qxb3 e4
27. Rca1 Nf8 28. Bc1 Ne6 29. Qc3 Re7 30. R7a6 Rec7 31. Bh3 Qe7 32. Be3 h6
33. Qd2 Re8 34. R1a3 exf3 35. exf3 Nh7 36. Bg4 Nf6 37. Bf5 Ng5 38. Kg2 g6
39. Bb1 Qe6 40. Bxg5 hxg5 41. Bd3 g4 42. Bxb5 gxf3+ 43. Rxf3 Rb8 44. Bf1
Qe4 45. b5 Ng4 46. b6 Re7 47. Raa3 Rbe8 48. h3 Nh6 49. Qxh6 Qc2+ 50. Rf2
Qb1 51. Raf3 1-0

[Event "9th Amplico Life Rapid"]
[Site "Warsaw POL"]
[Date "2009.12.19"]
[Round "4"]
[White "Gajewski,G"]
[Black "Przedmojski,R"]
[Result "1/2-1/2"]
[WhiteElo "2561"]
[BlackElo "2390"]
[EventDate "2009.12.19"]

1. d4 f5 2. c4 Nf6 3. Nc3 e6 4. g3 d5 5. Bg2 c6 6. Bf4 Be7 7. Nf3 O-O 8.
O-O Nbd7 9. b3 h6 10. Qd3 g5 11. Bc1 Ne4 12. Nd2 Bd6 13. Bb2 Qe8 14. f3
Nxg3 15. hxg3 Bxg3 16. Rfd1 Qh5 17. Nf1 f4 18. Ba3 Rf6 19. Be7 Rg6 20. Bd6
g4 21. fxg4 Rxg4 22. Nxg3 Rxg3 23. Bxf4 Rxd3 24. Rxd3 e5 25. Rg3+ Kh8 26.
Be3 Nb6 27. c5 Bg4 28. cxb6 axb6 29. Rf1 Rg8 30. Rf6 Rg6 31. Rf8+ Kg7 32.
Rb8 Bh3 33. Rxb7+ Kf8 34. Bf2 exd4 35. Rb8+ Ke7 36. Rb7+ Kd8 37. Bf3 Rxg3+
38. Bxg3 Qg5 39. Kh2 Bc8 40. Rc7 dxc3 41. Rxc6 Bg4 42. Rd6+ Ke7 43. Rxd5
Bxf3 44. Rxg5 hxg5 45. Be1 c2 46. Bd2 Bxe2 47. Bxg5+ Ke6 48. Kg3 Kd5 49.
Kf2 Bh5 50. Ke1 b5 1/2-1/2

[Event "9th Amplico Life Rapid"]
[Site "Warsaw POL"]
[Date "2009.12.19"]
[Round "4"]
[White "Nedilko,V"]
[Black "Vysochin,S"]
[Result "0-1"]
[WhiteElo "2400"]
[BlackElo "2555"]
[EventDate "2009.12.19"]

1. d4 d5 2. c4 c6 3. Nf3 Nf6 4. Nc3 a6 5. a4 e6 6. g3 c5 7. cxd5 cxd4 8.
Nxd4 Nxd5 9. Bg2 Nxc3 10. bxc3 e5 11. Nb3 Qxd1+ 12. Kxd1 Nc6 13. Be3 Be6
14. Bxc6+ bxc6 15. Nc5 O-O-O+ 16. Kc1 Bc4 17. Re1 Bxc5 18. Bxc5 Rd5 19. Bb6
Kd7 20. Rb1 c5 21. e4 Rd3 22. Kc2 Rf3 23. Bxc5 Bd3+ 24. Kd2 Bxb1 25. Rxb1
Rc8 26. Be3 Rf6 27. Rb7+ Rc7 28. Rxc7+ Kxc7 29. c4 Rd6+ 30. Kc3 Rd1 31. h4
a5 0-1

[Event "9th Amplico Life Rapid"]
[Site "Warsaw POL"]
[Date "2009.12.19"]
[Round "4"]
[White "Kempinski,R"]
[Black "Grafl,F"]
[Result "1-0"]
[WhiteElo "2617"]
[BlackElo "2428"]
[EventDate "2009.12.19"]

1. d4 f5 2. g3 Nf6 3. Bg2 e6 4. c4 Be7 5. Nh3 O-O 6. Nf4 d6 7. Nc3 c6 8.
Qb3 Kh8 9. O-O e5 10. dxe5 dxe5 11. Nd3 e4 12. Nf4 g5 13. Nh3 h6 14. Be3
Nbd7 15. f3 Nc5 16. Qc2 exf3 17. exf3 Qd3 18. Qxd3 Nxd3 19. b3 f4 20. Bd4
Rd8 21. Bf2 Bxh3 22. Bxh3 Nxf2 23. Kxf2 Rd2+ 24. Kg1 Bc5+ 25. Kh1 Bd4 26.
Rac1 Re8 27. gxf4 gxf4 28. Ne4 Nxe4 29. fxe4 Rxe4 30. Bg4 Rxa2 31. Rcd1 c5
32. Bf3 Re3 33. b4 b6 34. bxc5 bxc5 35. Rb1 Rb2 36. Rxb2 Bxb2 37. Bc6 Be5
38. Kg2 Kg7 39. Rf2 Ra3 40. Rd2 Bd4 41. Re2 Kf6 42. Re8 Be3 43. Kf3 Ra2 44.
h4 a5 45. Ke4 a4 46. Ra8 a3 47. Bd5 Bd4 48. Ra6+ Kg7 49. Kf5 f3 50. Bxf3
Rf2 51. Rxa3 Kf8 52. Kg6 Rc2 53. Bd5 Ke7 54. Kxh6 Kf6 55. Rf3+ Ke5 56. h5
Rc1 57. Kh7 Rg1 58. h6 Bb2 59. Rf7 Rg3 60. Rg7 Rh3 61. Rg5+ Kf6 62. Rg6+
Ke5 63. Kg8 Kf5 64. Kf7 Kf4 65. Be6 Rh5 66. Kg8 Bd4 67. h7 Ke4 68. Bf7 Rh2
69. Rg7 Ra2 70. Bd5+ 1-0

[Event "9th Amplico Life Rapid"]
[Site "Warsaw POL"]
[Date "2009.12.19"]
[Round "4"]
[White "Miton,K"]
[Black "Delekta,P"]
[Result "1-0"]
[WhiteElo "2586"]
[BlackElo "2260"]
[EventDate "2009.12.19"]

1. d4 Nf6 2. c4 c5 3. d5 g6 4. Nc3 Bg7 5. g3 O-O 6. Bg2 d6 7. Nf3 e6 8. O-O
exd5 9. cxd5 Na6 10. Nd2 Nc7 11. Nc4 b6 12. Nxd6 Qxd6 13. Bf4 Qd7 14. d6
Ne6 15. Bxa8 Nxf4 16. gxf4 Qg4+ 17. Bg2 Qxf4 18. Qd3 Rd8 19. Rad1 Ba6 20.
Qg3 Qb4 21. d7 Rxd7 22. Qb8+ Bf8 23. Rxd7 Nxd7 24. Qxa7 Qxb2 25. Nd5 Bxe2
26. Qxd7 Bxf1 27. Bxf1 Qxa2 28. Nxb6 Qa1 29. Qd5 Qd4 30. Qf3 f5 31. Nc4 h5
32. h3 Kg7 33. Ne3 Bd6 34. Nc4 Qf4 35. Qb7+ Kh6 36. Nxd6 Qxd6 37. Qc8 Kg5
38. Qe8 Kh4 39. Qe3 f4 40. Qf3 Qf6 41. Kg2 Qd4 42. Bd3 Qf6 43. Kh2 Qd6 44.
Bxg6 Kg5 45. Qxh5+ Kf6 46. Qf5+ Kg7 47. Qf7+ Kh6 48. Qh7+ Kg5 49. h4+ Kf6
50. Qf7+ Ke5 51. Qf5+ Kd4 52. Qd3+ Ke5 53. Qxd6+ 1-0

[Event "9th Amplico Life Rapid"]
[Site "Warsaw POL"]
[Date "2009.12.19"]
[Round "4"]
[White "Czarnota,P"]
[Black "Dworakowska,J"]
[Result "1/2-1/2"]
[WhiteElo "2528"]
[BlackElo "2361"]
[EventDate "2009.12.19"]

1. e4 c5 2. Nf3 d6 3. d4 cxd4 4. Nxd4 Nf6 5. Nc3 a6 6. Be2 e5 7. Nb3 Be7 8.
Bg5 Be6 9. Bxf6 Bxf6 10. Qd3 O-O 11. O-O-O Be7 12. Nd5 Nc6 13. c3 Re8 14.
Kb1 Bf8 15. g3 b5 16. f4 exf4 17. gxf4 Rb8 18. h4 Qc8 19. Rhg1 Kh8 20. h5
f5 21. Bf3 h6 22. Ka1 b4 23. c4 a5 24. Ne3 a4 25. Nd2 fxe4 26. Nxe4 Na5 27.
Rc1 Ra8 28. Kb1 Ra7 29. Bg4 Bxg4 30. Rxg4 Nb3 31. Rd1 Rae7 32. Nxd6 Rxe3
33. Nf7+ Kg8 34. Nxh6+ Kh8 35. Nf7+ Kg8 36. Qg6 Qe6 37. Nh6+ Kh8 38. Nf7+
Kg8 39. Nh6+ Kh8 40. Nf7+ 1/2-1/2

[Event "9th Amplico Life Rapid"]
[Site "Warsaw POL"]
[Date "2009.12.19"]
[Round "4"]
[White "Drozdowski,K"]
[Black "Swiercz,D"]
[Result "0-1"]
[WhiteElo "2198"]
[BlackElo "2493"]
[EventDate "2009.12.19"]

1. e4 c5 2. Nf3 d6 3. d4 cxd4 4. Nxd4 Nf6 5. Nc3 a6 6. h3 e5 7. Nde2 h5 8.
g3 b5 9. Bg2 Nbd7 10. Bg5 Be7 11. O-O Bb7 12. a3 Rc8 13. f4 Nc5 14. Bxf6
Bxf6 15. Nd5 h4 16. f5 hxg3 17. Nxg3 Nd7 18. c3 Nb6 19. Qg4 Nxd5 20. exd5
Rc4 21. Qe2 Qb6+ 22. Kh2 Rch4 23. Rad1 Bg5 24. Rd3 Bf4 25. Rxf4 Rxf4 26.
Nh5 Rh4 27. Nxg7+ Kd7 28. f6 Kc7 29. Nf5 Rf4 30. Rf3 Rxf3 31. Qxf3 Qc5 32.
Ne7 Qc4 33. Qg3 Rh6 34. Qg5 Qf4+ 35. Qxf4 exf4 36. Be4 Bc8 37. Kg2 Rxh3 38.
Bg6 Rh6 39. Kf3 Kd8 40. Bxf7 Rxf6 41. Nc6+ Kc7 42. Bg8 Bb7 43. Nd4 Kb6 44.
b4 Rf8 45. Be6 Rf6 46. Bg8 Rg6 47. Bf7 Rg3+ 48. Kxf4 Rxc3 49. Nf5 Kc7 50.
Kg5 Rxa3 51. Kf6 Rd3 52. Ne7 Rd4 53. Nf5 Rxb4 54. Ke7 Re4+ 55. Be6 Bxd5 0-1

[Event "9th Amplico Life Rapid"]
[Site "Warsaw POL"]
[Date "2009.12.19"]
[Round "4"]
[White "Orzech,D"]
[Black "Barski,R"]
[Result "0-1"]
[WhiteElo "2411"]
[BlackElo "2206"]
[EventDate "2009.12.19"]

1. d4 Nf6 2. Nf3 c5 3. d5 b5 4. Bg5 Ne4 5. Bh4 Bb7 6. e3 g6 7. Qd3 f5 8.
Nbd2 Qa5 9. c3 Nxd2 10. Nxd2 Qb6 11. e4 c4 12. Qf3 Bh6 13. Rd1 O-O 14. Qg3
Na6 15. Bxe7 Rf7 16. d6 fxe4 17. Nxc4 bxc4 18. Bxc4 Nc5 19. O-O Ne6 20.
Rfe1 Qc5 21. Bb3 Bf4 22. Qh3 Bc6 23. Bxe6 dxe6 24. Qxe6 Qf5 25. Qc4 Rc8 26.
Bh4 g5 27. Bg3 Bxg3 28. fxg3 Qf2+ 29. Kh1 e3 30. Rg1 0-1

[Event "9th Amplico Life Rapid"]
[Site "Warsaw POL"]
[Date "2009.12.19"]
[Round "5"]
[White "Kravtsiv,M"]
[Black "Kurnosov,I"]
[Result "1/2-1/2"]
[WhiteElo "2543"]
[BlackElo "2666"]
[EventDate "2009.12.19"]

1. e4 c5 2. Nf3 d6 3. d4 cxd4 4. Nxd4 Nf6 5. Nc3 e6 6. Bc4 Be7 7. O-O O-O
8. Be3 Nxe4 9. Nxe4 d5 10. Bd3 dxe4 11. Bxe4 Nd7 12. c3 Nf6 13. Bf3 a6 14.
Bf4 Nd5 15. Bg3 Bf6 16. Re1 Qb6 17. Bxd5 exd5 18. Nb3 a5 19. Qd2 a4 20. Nd4
Bxd4 1/2-1/2

[Event "9th Amplico Life Rapid"]
[Site "Warsaw POL"]
[Date "2009.12.19"]
[Round "5"]
[White "Vovk,A"]
[Black "Macieja,B"]
[Result "1/2-1/2"]
[WhiteElo "2512"]
[BlackElo "2627"]
[EventDate "2009.12.19"]

1. e4 c5 2. Nf3 Nc6 3. d4 cxd4 4. Nxd4 Qc7 5. Nc3 e6 6. Be2 a6 7. O-O Nf6
8. Be3 Bb4 9. Na4 O-O 10. Nxc6 bxc6 11. Nb6 Rb8 12. Nxc8 Rfxc8 13. Bxa6 Rf8
14. Bd3 Bd6 15. f4 e5 16. f5 Rxb2 17. g4 Qa5 18. g5 Ne8 19. Qe1 Bb4 20. Qf2
Rxa2 21. Rab1 d5 22. f6 g6 23. Bb6 Qa4 24. Bd8 dxe4 25. Bc4 Bc3 26. Bb3 Qa8
27. Bb6 Ra6 28. Bc5 Bd4 29. Bxd4 exd4 30. Qxd4 Ra5 31. h4 c5 32. Qd5 Qa7
33. Kh1 c4 34. Qxc4 Qe3 35. Kg2 Rf5 36. Rbe1 Qd2+ 37. Re2 Qd7 38. Qxe4 Nd6
39. Qd3 Qc6+ 40. Rf3 Nb5 41. Qe4 Qc5 42. Rxf5 gxf5 43. Qe5 Qb4 44. Qxf5 Nd6
45. Qd5 Qg4+ 46. Kf1 Qh3+ 47. Kg1 Qg4+ 48. Rg2 Qxh4 49. Rf2 Ne4 50. Rg2
Qe1+ 51. Kh2 Qh4+ 52. Kg1 Qe1+ 53. Kh2 Qh4+ 54. Kg1 Qe1+ 55. Kh2 Qh4+
1/2-1/2

[Event "9th Amplico Life Rapid"]
[Site "Warsaw POL"]
[Date "2009.12.19"]
[Round "5"]
[White "Schacht,H"]
[Black "Leniart,A"]
[Result "0-1"]
[WhiteElo "2224"]
[BlackElo "2439"]
[EventDate "2009.12.19"]

1. d4 Nf6 2. c4 g6 3. Nc3 d5 4. Bg5 Ne4 5. Bh4 Nxc3 6. bxc3 Bg7 7. e3 c5 8.
cxd5 Qxd5 9. Bb5+ Nc6 10. Qf3 Qxf3 11. Nxf3 Bd7 12. O-O a6 13. Be2 e5 14.
dxc5 f6 15. Nd2 g5 16. Bg3 f5 17. f3 Bf8 18. Nb3 Be6 19. c4 O-O-O 20. Rad1
Re8 21. Rd2 Be7 22. Rfd1 h5 23. Bf2 Reg8 24. Bf1 h4 25. e4 fxe4 26. fxe4 g4
27. Be3 Rd8 28. Be2 Rxd2 29. Rxd2 Rd8 30. Rxd8+ Kxd8 31. Kf2 Kc7 32. Ke1
Nd8 33. Kd2 Nf7 34. Kc3 Bg5 35. Bg1 Bf4 36. Na1 Ng5 37. Kd3 g3 38. hxg3
hxg3 39. Nc2 Bf7 40. Nb4 Bg6 41. Bf3 a5 42. Nd5+ Kd7 43. Nxf4 exf4 44. Kd4
Nxf3+ 45. gxf3 Ke6 46. a3 Bh5 0-1

[Event "9th Amplico Life Rapid"]
[Site "Warsaw POL"]
[Date "2009.12.19"]
[Round "5"]
[White "Grafl,F"]
[Black "Setkauskas,V"]
[Result "0-1"]
[WhiteElo "2428"]
[BlackElo "2196"]
[EventDate "2009.12.19"]

1. g3 Nf6 2. Bg2 d5 3. f4 g6 4. Nf3 Bg7 5. O-O O-O 6. d3 c6 7. c3 Qb6+ 8.
d4 Bf5 9. Nbd2 Nbd7 10. Kh1 c5 11. dxc5 Nxc5 12. Nd4 Ng4 13. N2f3 Be4 14.
h3 Nf6 15. b4 Ncd7 16. Be3 Qc7 17. Rc1 a6 18. Nb3 Nh5 19. Bf2 e5 20. e3
Rfe8 21. Nfd2 Bxg2+ 22. Kxg2 Nb6 23. Qf3 Nf6 24. Na5 e4 25. Qe2 Rac8 26. c4
dxc4 27. Ndxc4 Nfd5 28. Be1 Nxc4 29. Rxc4 Qd7 30. Bd2 b6 31. Nb3 Qb5 32.
Rfc1 Nc3 33. Bxc3 Rxc4 34. a4 Qc6 35. b5 axb5 36. axb5 Qc8 37. Bb2 Rxc1 38.
Bxc1 Qc3 39. Qd1 Rc8 40. Qd7 Bf6 41. Bd2 Qc2 42. Qd6 Qxb3 43. Qxf6 Qd3 44.
h4 Qxd2+ 45. Kh3 Qd7+ 46. g4 Qxb5 47. h5 Qf1+ 48. Kh4 gxh5 49. Qg5+ Kf8 50.
Qh6+ Ke8 51. Qxh7 Qe1+ 52. Kg5 Rc5+ 53. f5 Qxe3+ 54. Kf6 Rc6+ 55. Ke5 f6+
56. Kd5 Qc5+ 57. Kxe4 Qe7+ 0-1

[Event "9th Amplico Life Rapid"]
[Site "Warsaw POL"]
[Date "2009.12.19"]
[Round "5"]
[White "Pileckis,E"]
[Black "Zaksaite,S"]
[Result "1-0"]
[WhiteElo "2438"]
[BlackElo "2201"]
[EventDate "2009.12.19"]

1. Nf3 Nf6 2. c4 g6 3. Nc3 d5 4. Qa4+ Nbd7 5. cxd5 Bg7 6. e4 O-O 7. d4 Nb6
8. Qc2 e6 9. dxe6 Bxe6 10. Be2 c6 11. O-O Qe7 12. a4 Rfe8 13. a5 Nbd7 14.
Bg5 h6 15. Bh4 g5 16. Bg3 Nh5 17. Rfd1 Nxg3 18. hxg3 Bg4 19. e5 Bh5 20. a6
b6 21. Ne4 c5 22. Nd6 Red8 23. Nf5 Qf8 24. Nxg5 Bg6 25. e6 hxg5 26. e7 Qe8
27. exd8=Q Rxd8 28. Nxg7 Bxc2 29. Nxe8 Bxd1 30. Rxd1 Rxe8 31. Bb5 Re7 32.
d5 f6 33. d6 Rg7 34. Re1 Kf8 35. f4 gxf4 36. gxf4 f5 37. Re6 Rf7 38. Re5
Nxe5 39. fxe5 Rh7 40. e6 Rh8 41. Kf2 Kg7 42. Kf3 Kf6 43. e7 Kf7 44. Kf4
Rh4+ 45. Kxf5 Rh5+ 46. Kf4 Rh8 47. g4 c4 48. Bxc4+ Kf6 49. Bb5 1-0

[Event "9th Amplico Life Rapid"]
[Site "Warsaw POL"]
[Date "2009.12.19"]
[Round "5"]
[White "Szmacinska,G"]
[Black "Muzychuk,M"]
[Result "0-1"]
[WhiteElo "2232"]
[BlackElo "2447"]
[EventDate "2009.12.19"]

1. d4 f5 2. Nf3 Nf6 3. g3 g6 4. b3 Bg7 5. Bb2 O-O 6. Bg2 d6 7. O-O e6 8. c4
Ne4 9. Nc3 Nxc3 10. Bxc3 Nc6 11. Qd2 Qe7 12. b4 e5 13. e3 e4 14. Ne1 Nd8
15. Nc2 Nf7 16. Rfd1 g5 17. f3 exf3 18. Bxf3 g4 19. Bg2 Ng5 20. d5 Bd7 21.
a4 Rae8 22. Bxg7 Qxg7 23. Qd4 Qxd4 24. Rxd4 a5 25. c5 Ra8 26. c6 bxc6 27.
dxc6 Be6 28. b5 Rae8 29. Ra3 Nf7 30. Rf4 Ne5 31. Nd4 Bc8 32. Bd5+ Kg7 33.
Rc3 Ng6 34. Rf2 Re5 35. Bg2 Rfe8 36. Re2 Ne7 37. Nb3 Be6 38. Nxa5 Ra8 39.
Nb7 Rxa4 40. b6 cxb6 41. Nxd6 Ra1+ 42. Kf2 Rd1 43. Nc4 Rc5 44. Rec2 Nxc6
45. Nxb6 Rxc3 46. Rxc3 Rd2+ 47. Kg1 Ne5 48. Rc1 Rb2 49. Nd5 Rxg2+ 50. Kxg2
Bxd5+ 51. Kf1 Nf3 52. Rc2 Be4 53. Rb2 Kf6 54. Rb6+ Kg5 55. Rb2 h5 56. Ra2
h4 57. gxh4+ Kxh4 58. Kg2 Ne5+ 59. Kg1 Nf3+ 60. Kg2 Ne5+ 61. Kg1 Kh3 62.
Ra7 Kh4 63. Rh7+ Kg5 64. Kf2 Nd3+ 65. Kg3 Kg6 66. Re7 Nc1 67. Rc7 Nd3 68.
h3 gxh3 69. Kxh3 Nb4 70. Rc3 Nd5 71. Ra3 Kf6 72. Kg3 Ke5 73. Kf2 Nf6 74.
Ra5+ Bd5 75. Ra7 Ng4+ 76. Ke2 Bc4+ 77. Kf3 Bd5+ 78. Ke2 Kf6 79. Kd3 Be4+
80. Kd4 Nh2 81. Ra6+ Kg5 82. Ra5 Kg4 83. Ke5 Nf3+ 84. Kf6 Ne1 85. Re5 Ng2
86. Re8 Nxe3 87. Ke5 Kf3 88. Rf8 Ng4+ 89. Kd4 f4 90. Kc3 Ke3 0-1

[Event "9th Amplico Life Rapid"]
[Site "Warsaw POL"]
[Date "2009.12.19"]
[Round "5"]
[White "Piorun,K"]
[Black "Lind,JO"]
[Result "1/2-1/2"]
[WhiteElo "2475"]
[BlackElo "2209"]
[EventDate "2009.12.19"]

1. d4 Nf6 2. c4 g6 3. Nc3 Bg7 4. e4 d6 5. Bd3 O-O 6. Nge2 Nc6 7. O-O e5 8.
d5 Ne7 9. a4 c5 10. a5 Nh5 11. f3 f5 12. exf5 gxf5 13. Bg5 Bf6 14. Qd2 Nxd5
15. Bh6 Nxc3 16. Nxc3 Bg7 17. Bxg7 Nxg7 18. f4 e4 19. Be2 Rf6 20. b4 cxb4
21. Nd5 Rh6 22. g3 Be6 23. Qxb4 Bxd5 24. cxd5 Rb8 25. Rfc1 Rg6 26. Qd4 h5
27. Qxa7 h4 28. Ra3 Kh7 29. Qb6 Qf6 30. a6 bxa6 31. Qxb8 Qd4+ 32. Kf1 hxg3
33. Rxg3 Qd2 34. Rc8 Qxf4+ 35. Kg2 Rxg3+ 36. hxg3 Qe5 37. Rh8+ Kg6 38. Qg8
Qb2 39. Qh7+ Kf7 40. Qg8+ Kg6 41. Kf2 Qd4+ 42. Kf1 Qa1+ 43. Kf2 Qd4+ 44.
Kg2 Qb2 45. Qh7+ Kf7 46. Kf2 Qd4+ 47. Ke1 Qc3+ 1/2-1/2

[Event "9th Amplico Life Rapid"]
[Site "Warsaw POL"]
[Date "2009.12.19"]
[Round "5"]
[White "Socko,M"]
[Black "Scibior,A"]
[Result "1-0"]
[WhiteElo "2457"]
[BlackElo "2201"]
[EventDate "2009.12.19"]

1. e4 e6 2. d4 d5 3. e5 c5 4. c3 Nc6 5. Nf3 Qb6 6. Be2 cxd4 7. cxd4 Nh6 8.
Bd3 Bd7 9. Bc2 Nb4 10. Bxh6 Nxc2+ 11. Qxc2 gxh6 12. O-O Bg7 13. Nc3 O-O 14.
Qd2 Rac8 15. Rfc1 Rc4 16. Ne2 Rfc8 17. Nf4 Qc7 18. Rxc4 Qxc4 19. Nd3 Rc6
20. h4 b6 21. Qe3 Bc8 22. Rc1 Qb5 23. Rxc6 Qxc6 24. Nh2 Ba6 25. Nb4 Qc4 26.
Nxa6 Qxa6 27. a3 Qa4 28. Qd2 b5 29. h5 a5 30. Ng4 b4 31. Nf6+ Bxf6 32. exf6
bxa3 33. Qc1 Qb4 34. Qxh6 Qf8 35. Qxf8+ 1-0

[Event "9th Amplico Life Rapid"]
[Site "Warsaw POL"]
[Date "2009.12.19"]
[Round "5"]
[White "Limontaite,S"]
[Black "Sergeev,Vl"]
[Result "1/2-1/2"]
[WhiteElo "2222"]
[BlackElo "2428"]
[EventDate "2009.12.19"]

1. d4 Nf6 2. c4 c5 3. d5 b5 4. cxb5 a6 5. bxa6 g6 6. Nc3 Bxa6 7. Nf3 d6 8.
g3 Nbd7 9. Bg2 Bg7 10. Rb1 Nb6 11. b3 O-O 12. O-O Qc7 13. Re1 Rfb8 14. a4
Ng4 15. Bd2 Qd8 16. Qc2 Nd7 17. Na2 Qb6 18. e3 Nde5 19. Nxe5 Nxe5 20. Nc1
Nc4 21. Qa2 Nxd2 22. Qxd2 Qb4 23. Qxb4 Rxb4 24. Na2 Rb6 25. Bf1 Bxf1 26.
Kxf1 Rab8 27. b4 cxb4 28. Rb3 Ra8 29. Reb1 Rxa4 30. Nxb4 Ra1 31. Rxa1 Bxa1
32. Ra3 Rxb4 33. Rxa1 f5 34. h4 Kf7 35. Ra5 Rb1+ 36. Ke2 Rb2+ 37. Ke1 Kf6
38. Ra4 h6 39. Rd4 g5 40. hxg5+ hxg5 41. g4 Ke5 42. gxf5 Kxf5 43. f3 Rh2
44. Re4 Kf6 45. Re6+ Kf7 46. e4 Ra2 47. Kf1 Rh2 48. Kg1 Rh4 49. Kg2 Rf4 50.
e5 dxe5 51. Rxe5 g4 52. fxg4 Rxg4+ 53. Kf3 Rg6 54. Ke4 Ke8 55. Re6 Rg4+ 56.
Ke5 Rg5+ 57. Ke4 Kd7 58. Ra6 Rg1 59. Ra7+ Kd6 60. Ra6+ Kd7 61. Ra7+ Ke8 62.
Ke5 Re1+ 63. Kf5 Kf8 64. Rb7 Re2 65. Ra7 Ke8 66. Rb7 Ra2 67. Ke6 Ra6+ 68.
Ke5 Kf7 69. Rc7 Rh6 70. Rc6 Rh5+ 71. Ke4 Rh1 72. Ra6 Re1+ 73. Kf5 Rf1+ 74.
Ke5 Rg1 75. Kf5 Re1 76. Rb6 Ke8 77. Rb7 Kd8 78. Ra7 Kc8 79. Kf4 Kb8 80. Rd7
Kc8 81. Ra7 Kd8 82. Kf5 Ke8 83. Rb7 Ra1 84. Ke5 Ra5 85. Ke6 Ra6+ 86. Ke5
Kf7 87. Rc7 Ra5 88. Rc6 Ra2 89. Rb6 Ra8 90. Rb7 Rd8 91. Rb6 Rd7 92. Rh6 Kg7
93. Ra6 Kf7 94. Rh6 Ra7 95. Rb6 Ra1 96. Kf5 Rd1 1/2-1/2

[Event "9th Amplico Life Rapid"]
[Site "Warsaw POL"]
[Date "2009.12.19"]
[Round "5"]
[White "Gdanski,J"]
[Black "Wandzik,W"]
[Result "1/2-1/2"]
[WhiteElo "2509"]
[BlackElo "2092"]
[EventDate "2009.12.19"]

1. Nf3 Nf6 2. c4 c5 3. g3 Nc6 4. Bg2 g6 5. O-O Bg7 6. d4 cxd4 7. Nxd4 O-O
8. Nc3 a6 9. c5 Qc7 10. Nb3 Rd8 11. Bf4 e5 12. Bg5 Re8 13. Qd2 Nd4 14. Nxd4
exd4 15. Qxd4 Ne4 16. Qe3 Bxc3 17. bxc3 Qxc5 18. Qxc5 Nxc5 19. Be3 Ne4 20.
c4 d6 21. Rfd1 Bf5 22. Rd4 h5 23. Rc1 Rac8 24. h3 Nxg3 25. Bf3 b5 26. Rxd6
Rxc4 27. Rxc4 bxc4 28. Rc6 Bb1 29. Rxc4 Nf5 30. Bg5 Bxa2 31. Ra4 Bb3 32.
Ra3 Bc4 33. e3 Kg7 34. Rc3 Be6 35. Ra3 Bc4 36. Rc3 Be6 37. Ra3 Bc4 38. Rc3
1/2-1/2

[Event "9th Amplico Life Rapid"]
[Site "Warsaw POL"]
[Date "2009.12.19"]
[Round "5"]
[White "Tomczak,J"]
[Black "Azarov,S"]
[Result "1-0"]
[WhiteElo "2500"]
[BlackElo "2622"]
[EventDate "2009.12.19"]

1. e4 c5 2. Nf3 d6 3. Nd4 Nf6 4. Nc3 g6 5. Be2 Bg7 6. O-O Nc6 7. Nb3 O-O 8.
d4 cxd4 9. Nxd4 a6 10. Re1 b5 11. Bg5 h6 12. Bh4 Re8 13. Nb3 Rf8 14. Bf1
Bb7 15. Nd5 Nd7 16. c3 g5 17. Bg3 e6 18. Ne3 Nde5 19. Qd2 f5 20. exf5 exf5
21. f4 gxf4 22. Bxf4 Ne7 23. Nd4 Rf6 24. a4 bxa4 25. Nc4 N7c6 26. Nxc6 Bxc6
27. Nxe5 dxe5 28. Qxd8+ Rxd8 29. Rxe5 Be4 30. Ra5 Bf8 31. Bxa6 a3 32. Bc4+
Kh7 33. bxa3 Rc6 34. Ra4 Bc5+ 35. Kh1 Rd7 36. Ra6 Rg7 37. Ra2 Rb7 38. h4
Rxa6 39. Bxa6 Rb3 40. Rd2 Rxc3 41. a4 Rc1+ 42. Kh2 Bg1+ 43. Kh3 Rc3+ 44. g3
Bc5 45. Rd7+ Kg8 46. Bxh6 f4 47. Rg7+ Kh8 48. Rg4 Rc1 49. Rxf4 Rh1+ 50. Kg4
Bd5 51. Bc4 Bc6 52. Bg5 Rd1 53. Kh5 Be8+ 54. Kh6 Rd6+ 55. Bf6+ Rxf6+ 56.
Rxf6 Be3+ 57. Rf4 Bxf4+ 58. gxf4 Bxa4 59. Kg5 Kg7 60. Bd5 Bb5 61. Be4 Bc4
62. h5 Be6 63. h6+ Kh8 64. Kf6 Bd7 65. Bd5 Bg4 66. Be6 Bd1 67. Ke5 Bc2 68.
Bd5 Bf5 69. Kxf5 1-0

[Event "9th Amplico Life Rapid"]
[Site "Warsaw POL"]
[Date "2009.12.19"]
[Round "5"]
[White "Eggink,R"]
[Black "Fridman,D2"]
[Result "0-1"]
[WhiteElo "1902"]
[BlackElo "2649"]
[EventDate "2009.12.19"]

1. e4 c6 2. Nc3 d5 3. Nf3 Bg4 4. d4 Nf6 5. exd5 cxd5 6. Bb5+ Nc6 7. O-O e6
8. Qd3 Bxf3 9. Qxf3 Be7 10. Bf4 O-O 11. Rad1 Qb6 12. Bxc6 Qxc6 13. Rd2 Bb4
14. Rd3 Ne4 15. Ne2 Qxc2 16. Rc1 Qa4 17. a3 Bd6 18. Bxd6 Nxd6 19. Qf4 Qd7
20. Rdc3 Nc4 21. R1c2 Rfc8 22. Rg3 Nd6 23. Nc3 Nf5 24. Rh3 Rc4 25. Rd2 Rac8
26. Rdd3 Qd6 27. Qg4 g6 28. b3 h5 29. Qd1 R4c6 30. g4 hxg4 31. Qxg4 Qxa3
32. Qg5 Qe7 33. Qf4 Qd6 34. Qg5 e5 35. dxe5 Qxe5 36. Nxd5 Qe1+ 37. Kg2 Qe4+
38. Rhf3 Kg7 39. Nf4 Rh8 0-1

[Event "9th Amplico Life Rapid"]
[Site "Warsaw POL"]
[Date "2009.12.19"]
[Round "5"]
[White "Markowski,T"]
[Black "Mustaps,M"]
[Result "1-0"]
[WhiteElo "2629"]
[BlackElo "2248"]
[EventDate "2009.12.19"]

1. c4 Nf6 2. g3 g6 3. Bg2 Bg7 4. Nc3 d6 5. d4 O-O 6. Nf3 a6 7. O-O Nc6 8.
Bd2 Rb8 9. Rc1 Bd7 10. d5 Na5 11. b3 c5 12. dxc6 Nxc6 13. Nd5 b5 14. Bc3
Nxd5 15. cxd5 Ne5 16. Nd4 b4 17. Bd2 Nd3 18. Nc6 Bxc6 19. Rxc6 Nc5 20. Qc2
Kh8 21. Rc1 a5 22. Bh3 a4 23. Be3 axb3 24. axb3 Bc3 25. Bxc5 dxc5 26. Qe4
f5 27. Qc4 Ra8 28. e3 Ra2 29. Rxc5 Qd6 30. Rc6 Qb8 31. Bf1 Qe5 32. Re6 Qg7
33. Qc5 Bf6 34. Qxb4 f4 35. exf4 g5 36. Rc4 gxf4 37. Rxf4 Bg5 38. Rxf8+
Qxf8 39. Qc3+ Bf6 40. Qf3 Kg7 41. Re4 Kh8 42. Kg2 Qa8 43. Bc4 Rd2 44. Re2
Rxe2 45. Qxe2 Qa5 46. Qe6 Qd8 47. h4 Bd4 48. Qe4 Bf6 49. Bd3 Qg8 50. b4 Qf7
51. b5 Bc3 52. b6 Ba5 53. b7 Bc7 54. Qc4 Bd6 55. Qc8+ Kg7 56. Be4 Qg8 57.
Qf5 Kh8 58. g4 Qg7 59. g5 Kg8 60. Qc8+ Qf8 61. Bxh7+ Kg7 62. Qxf8+ Kxf8 63.
Kf3 Kg7 64. Bf5 1-0

[Event "9th Amplico Life Rapid"]
[Site "Warsaw POL"]
[Date "2009.12.19"]
[Round "5"]
[White "Repkova,E"]
[Black "Drozdowski,K"]
[Result "1-0"]
[WhiteElo "2434"]
[BlackElo "2198"]
[EventDate "2009.12.19"]

1. e4 c5 2. b3 Nc6 3. Bb2 d6 4. f4 e5 5. Nf3 exf4 6. Bb5 Nf6 7. O-O Be7 8.
e5 dxe5 9. Nxe5 Bd7 10. Nxd7 Qxd7 11. Qf3 O-O 12. Bxc6 bxc6 13. Qxf4 Kh8
14. Na3 Nd5 15. Qf2 Bf6 16. Bxf6 Nxf6 17. Nc4 Qd5 18. Ne3 Qe5 19. Nc4 Qd5
20. Rae1 Rae8 21. d3 Kg8 22. h3 h5 23. Qg3 Kh7 24. Kh1 Re6 25. Rxe6 Qxe6
26. Re1 Qf5 27. Nd6 Qg6 28. Qxg6+ Kxg6 29. Re5 Rd8 30. Nf5 Nd7 31. Nh4+ Kf6
32. Rf5+ Ke6 33. Rxh5 Ne5 34. Nf3 Nxf3 35. gxf3 f5 36. Rg5 Kf6 37. Rg2 Re8
38. Rd2 Re3 39. Kg2 Ke5 40. Kg3 g5 41. c3 f4+ 42. Kg4 Kf6 43. h4 gxh4 44.
Kxf4 Re1 45. Rh2 Rd1 46. Rxh4 Rxd3 47. c4 Rd4+ 48. Kg3 Rd2 49. Rh6+ Ke5 50.
Rxc6 Rxa2 51. Rxc5+ Kd4 52. Rd5+ Kc3 53. Rb5 a6 54. Rb6 a5 55. c5 Kd4 56.
c6 Rc2 57. Ra6 Rc3 58. Rxa5 Rxc6 59. Ra4+ Ke5 60. Re4+ Kf5 61. b4 Rg6+ 62.
Kf2 Ra6 63. b5 Ra2+ 64. Re2 Ra3 65. Rb2 Ra7 66. b6 Rb7 67. Rb5+ Ke6 68. Ke3
Kd6 69. Rb2 Ke5 70. f4+ Kf5 71. Kf3 Kf6 72. Rb5 Ke6 73. f5+ Kf6 74. Kf4 Ke7
75. Ke5 Kd7 76. f6 Kc6 77. Rb1 Kd7 78. Kd5 Ke8 79. Kc6 Rf7 80. Rf1 Kd8 81.
b7 Rc7+ 82. Kb6 1-0